Normal view
MARC view
- Butt ,NC Usman M. (TCC-09)
Entry Personal Name
001 - CONTROL NUMBER
- control field: 131795
003 - CONTROL NUMBER IDENTIFIER
- control field: NUST
005 - DATE AND TIME OF LATEST TRANSACTION
- control field: 20251111142110.0
008 - FIXED-LENGTH DATA ELEMENTS
- fixed length control field: 251111|| aca||aabn | a|a d
040 ## - CATALOGING SOURCE
- Original cataloging agency: NUST
- Transcribing agency: NUST
100 ## - HEADING--PERSONAL NAME
- Personal name: Butt ,NC Usman M. (TCC-09)
670 ## - SOURCE DATA FOUND
- Source citation: Work cat.: (NUST)182680: Butt ,NC Usman M. (TCC-09), Implementation of the V.32 modem standard using the texas instrument DSP TMS 320C5X /, 2001
